00150nam a2200061 4500082000800000100001800008245006200026 aTAH aTahir Hussain aHigher Education and Employment Opportunities in Pakistan